ბათუმის შოთა რუსთაველის სახელმწიფო უნივერსიტეტის ბიბლიოთეკა

არყის ხის წვენი (ბიბ.ჩანაწერი № 50130)

000 -LEADER
fixed length control field 00803nam a2200229Ia 4500
001 - CONTROL NUMBER
control field 17068
003 - CONTROL NUMBER IDENTIFIER
control field GE_BSU
008 - FIXED-LENGTH DATA ELEMENTS--GENERAL INFORMATION
fixed length control field 181216s||||||||xx |||||||||||||| ||und||
040 ## - CATALOGING SOURCE
Transcribing agency GE_BSU
080 ## - UNIVERSAL DECIMAL CLASSIFICATION NUMBER
Universal Decimal Classification number 82-93:821.161.1-3
100 ## - MAIN ENTRY--PERSONAL NAME
Personal name შჩიპაჩოვი, ს.
245 ## - TITLE STATEMENT
Title არყის ხის წვენი
245 ## - TITLE STATEMENT
Remainder of title მოთხრობა საშ. ასაკის ბავშვებისათვის
245 ## - TITLE STATEMENT
Statement of responsibility, etc. თარგმნ.მ.ქვლივიძისა. რედ. ი.ქემერტელიძე
260 ## - PUBLICATION, DISTRIBUTION, ETC.
Place of publication, distribution, etc. თბილისი
260 ## - PUBLICATION, DISTRIBUTION, ETC.
Name of publisher, distributor, etc. ნაკადული
260 ## - PUBLICATION, DISTRIBUTION, ETC.
Date of publication, distribution, etc. 1965
300 ## - PHYSICAL DESCRIPTION
Extent 141 გვ. ; 16 სმ.
653 ## - INDEX TERM--UNCONTROLLED
Uncontrolled term არყის ხის წვენი
653 ## - INDEX TERM--UNCONTROLLED
Uncontrolled term მოთხრობა
942 ## - ADDED ENTRY ELEMENTS (KOHA)
Koha item type წიგნი
ეგზემპლარები
Withdrawn status Lost status Damaged status Not for loan Date acquired Barcode Date last seen Price effective from Koha item type
        2018-12-17 21560 2018-12-17 2018-12-17 წიგნი
        2018-12-17 21561 2018-12-17 2018-12-17 წიგნი